| 000 | 008610000a22002290004500 | ||
|---|---|---|---|
| 020 | _a0-123-732108-2 | ||
| 041 | 0 | _aSPA | |
| 082 | 0 | 4 | _aG 150 M8751i |
| 100 | 1 | _aMorris, Charles G. | |
| 245 | 1 | 0 | _aIntroducción a la psicología / Charles G. Morris ; Gullermina Cuevas Mesa , Traductora ; José Pérez Bonilla , Editor |
| 250 | _a7 | ||
| 260 | _aNaucalpan de Juárez, México : Prentice-Hall | ||
| 300 | _a[pag. varía] | ||
| 500 | _aTítulo original : Psychology an introduction | ||
| 505 | 0 | 0 | _aLa ciencia de la psicología -- Fisiología y conducta -- Sensación y percepción -- Aprendizaje -- Memoria -- Cognición -- Inteligencia -- Motivación y emoción -- Personalidad |
| 650 | 1 | 4 | _aPSICOLOGIA |
| 001 | 783 | ||
| 942 | _cBK | ||
| 999 |
_c32227 _d32227 |
||
| 336 |
_atexto _btxt _2rdacontent |
||
| 337 |
_2rdamedia _asin mediación _bn |
||
| 338 |
_2rdacarrier _avolumen _bnc |
||